000 00304nam a22001337a 4500
008 181023b xxu||||| |||| 00| 0 eng d
020 _a9780205242993
041 _aeng
080 _28 ED
_a101
100 _a24
101 _aFIL
245 _aFundamentals Of Philosophy
_cStewart.D
942 _2udc
_cBK
999 _c50562
_d50562